Introducción a la medicina / (Record no. 93906)

MARC details
000 -LEADER
campo de control de longitud fija 00585nam a2200193 i 4500
001 - NÚMERO DE CONTROL
campo de control 93906
003 - IDENTIFICADOR DE NÚMERO DE CONTROL
campo de control ES-MaACL
005 - FECHA Y HORA DE LA ÚLTIMA TRANSACCIÓN
campo de control 20250821111321.0
007 - CAMPO FIJO DE DESCRIPCIÓN FÍSICA--INFORMACIÓN GENERAL
campo de control de longitud fija t|
008 - DATOS DE LONGITUD FIJA--INFORMACIÓN GENERAL
campo de control de longitud fija 050422s1974 sp ||||1| spa d
100 1# - ENTRADA PRINCIPAL--NOMBRE DE PERSONA
Nombre de persona López Piñero, José María.
9 (RLIN) 73895
245 10 - MENCIÓN DEL TÍTULO
Título Introducción a la medicina /
Mención de responsabilidad, etc. José María López Piñero, Luis García Ballester.
250 ## - MENCION DE EDICION
Mención de edición [3ª ed.].
260 ## - PUBLICACIÓN, DISTRIBUCIÓN, ETC.
Lugar de publicación, distribución, etc. Barcelona :
Nombre del editor, distribuidor, etc. Ariel,
Fecha de publicación, distribución, etc. 1974.
300 ## - DESCRIPCIÓN FÍSICA
Extensión 159 p. ;
Dimensiones 18 cm.
700 1# - ENTRADA AGREGADA--NOMBRE PERSONAL
Nombre de persona García Ballester, Luis,
Fechas asociadas al nombre 1936-2000
9 (RLIN) 54214
852 ## - LOCALIZACIÓN
Ubicación ES-MaACL
Número de control de estantería E-7368
Sublocalización o colección R.91276
Holdings
Estatus retirado Estado de pérdida Estado de daño No para préstamo Biblioteca de origen Biblioteca actual Ubicación en estantería Fecha de adquisición Fuente de adquisición Total de préstamos Signatura topográfica completa Código de barras Visto por última vez Precio de reemplazo Tipo de ítem Koha
        Biblioteca del Ateneo de Madrid Biblioteca del Ateneo de Madrid Depósito 2 17/01/2008     E-7368 1098071 23/02/2023 23/02/2023 Libro impreso